• 首页
  • 本馆介绍
  • 公告通知
  • 最新文献
  • 馆藏检索
  • 电子资源
  • 读者导购
  • 参考咨询
  • 我的图书馆
  • 登录
  • 详细信息显示
  • 放入我的书架
  • 预约/预借图书
  • 作者相关作品
  • 分类相关作品
  • 丛书相关作品
  • 出版社相关作品

书目信息

  • 表格格式
  • 工作单格式
  • 卡片格式
题名:
结构动力学入门
    
 
作者: 乔普拉 , Choprd 著 ;蓝贵禄 译
分册:  
出版信息: 北京   地震出版社  1985
页数: 86页
开本: 20cm
丛书名:
单 册:
中图分类: TU311.3
科图分类:
主题词: 建筑结构--理论 , 建筑结构--结构计算
电子资源:
ISBN:
000 00773nam0 2200277 45
001 0185020670
005 20040514101035.8
010    @dCNY0.90
091    @b13180.246
100    @a19900923d1985 em y0chiy0121 ea
101 1  @achi@ceng
102    @aCN@b110000
105    @af z 000yy
106    @ar
200 10 @a结构动力学入门@Ajie gou dong li xue ru men@f(美)乔普拉(Choprd,A.K.)著@g蓝贵禄译
210    @a北京@c地震出版社@d1985
215    @a86页@c图@d20cm
606 0  @a建筑结构@x理论
606 0  @a建筑结构@x结构计算
690    @aTU311.3
701  1 @a乔普拉@Aqiao pu la@bA.K.@4著
701 A1 @aChoprd@bA.K.@4著
702  0 @a蓝贵禄@Alan gui lu@4译
801  0 @aCN@b深圳图书馆@c20040514
801  2 @aCN@bNLC@c20040514
905    @f2@b148272-273@dTU311.3@e115
    
    结构动力学入门/(美)乔普拉(Choprd,A.K.)著/蓝贵禄译.-北京:地震出版社,1985
    86页:图;20cm
    
    
    ISBN :CNY0.90
    
●
相关链接 在E读中查询图书 在五车中查询图书 在当当中查询图书 在豆瓣中查询图书


正题名:结构动力学入门     索取号:TU311.3/115         预约/预借

序号 登录号 条形码 馆藏地/架位号 状态 备注
1 0148272   001484511   第三借阅区/ [索取号:TU311.3/115] 在馆    
2 0148273   001484520   密集书库/ [索取号:TU311.3/115] 在馆    
3 0148274   001484450   第二样本阅览室/ [索取号:TU311.3/115] 在馆    
唐山师范学院图书馆 欢迎您!
大连网信软件有限公司© 版权所有